00453nam a22001697a 450000500170000000800410001702000180005804100120007608200160008810000250010424500340012926000560016330000070021936500180022665000120024470000270025620251009132624.0251003b |||||||| |||| 00| 0 eng d a9788194867425 aMarathi a891.46bSIN a Sinha-Rawal Manoshi aMahila Krantikarkanchya Katha aPunebBharatiya Vichar Sadhana Pune Prakashanc2023 a80 b105.00cRs.00 aGeneral aSinha-Rawal Yogaditya